| Tag |
First Indicator |
Second Indicator |
Subfields |
| LEADER |
00000cam a2200000 a 4500 |
| 001 |
in00000090238 |
| 005 |
20151008065640.0 |
| 008 |
811109s1981 maua b 00010 eng |
| 010 |
|
|
|a 81081004
|
| 020 |
|
|
|a 0876740484
|
| 020 |
|
|
|a 0876740492 (pbk.)
|
| 035 |
|
|
|a (OCoLC)07977210
|
| 035 |
|
|
|9 AAK6326AM
|
| 040 |
|
|
|a DLC
|c DLC
|d OCL
|d TXA
|d UtOrBLW
|
| 049 |
|
|
|a TXAM
|c [1633345]
|
| 050 |
0 |
0 |
|a D727
|b H2578
|
| 082 |
0 |
|
|a 327/.0904
|2 19
|
| 100 |
1 |
|
|a Handel, Michael I.
|
| 245 |
1 |
4 |
|a The diplomacy of surprise, Hitler, Nixon, Sadat /
|c Michael I. Handel.
|
| 264 |
|
1 |
|a Cambridge, MA :
|b Center for International Affairs, Harvard University,
|c [1981]
|
| 264 |
|
4 |
|c ©1981
|
| 300 |
|
|
|a xi, 369 pages :
|b illustrations ;
|c 24 cm.
|
| 336 |
|
|
|a text
|b txt
|2 rdacontent
|
| 337 |
|
|
|a unmediated
|b n
|2 rdamedia
|
| 338 |
|
|
|a volume
|b nc
|2 rdacarrier
|
| 490 |
1 |
|
|a Harvard studies in international affairs ;
|v no. 44
|
| 504 |
|
|
|a Includes bibliographies.
|
| 600 |
1 |
0 |
|a Hitler, Adolf,
|d 1889-1945.
|
| 600 |
1 |
0 |
|a Nixon, Richard M.
|q (Richard Milhous),
|d 1913-1994.
|
| 600 |
1 |
0 |
|a Sadat, Anwar,
|d 1918-1981.
|
| 650 |
|
0 |
|a World politics
|y 1933-1945.
|
| 650 |
|
0 |
|a World politics
|y 1945-1989.
|
| 650 |
|
0 |
|a Diplomacy
|x History
|y 20th century.
|
| 830 |
|
0 |
|a Harvard studies in international affairs ;
|v no. 44.
|
| 999 |
|
|
|a MARS
|
| 999 |
f |
f |
|s 0a212099-1138-3676-a8c2-8390330e74b8
|i b369e1d6-08a4-3b4a-b844-c6193b066b83
|t 0
|
| 952 |
f |
f |
|p ric
|a Texas A&M University
|b Rellis Campus
|c Joint Library Facility
|d Remote Storage
|t 0
|e D727 H2578
|h Library of Congress classification
|i unmediated -- volume
|m A14805990817
|
| 998 |
f |
f |
|a D727 H2578
|t 0
|l Remote Storage
|